| 000 | 00708nam a22001337a 4500 | ||
|---|---|---|---|
| 040 | _cRUA | ||
| 082 | _aAGR KEO 2017 B636 Or.1 | ||
| 100 | _aKEO CHENGCHANG កែវ ចែងចាំង | ||
| 245 | _acomparison of different manures on long bean at royal university of agriculture ការប្រៀបធៀបជីលាមកសត្វផ្សេងគ្នាលើដំណាំសណ្តែកកួរ នៅក្នុងសាកលវីទ្យាល័យភូមិន្ទកសិកម្ម | ||
| 260 |
_aRUA _bPhnom penh _c2017 |
||
| 300 |
_aix;27p _bill; _c29cm |
||
| 856 | _uhttps://drive.google.com/file/d/1L5JyujKEZsCYViNmMpiX7gVaPSOdLjLa/view?usp=sharing | ||
| 942 | _cAGR | ||
| 999 |
_c17997 _d17997 |
||